000 00325nam a2200121Ia 4500
008 191201s2005 xx 000 0 und d
100 _aSAHU,Nirmal Chandra
245 0 _aDimensions of Environmental and Ecological Economics
260 _aHyderabad
_bUniversity Press
_c2005
300 _a604
650 _aMBA
942 _2ddc
_cBK
999 _c4680
_d4680